Satu kepulangan

Bibliographic Details
Format: Book

MARC

LEADER 00000cam a2200000 7i4500
001 0000008802
002 000009599
005 20000330.0
020 |a 9838931993 
090 0 0 |a F   |b HAM 
245 1 0 |a Satu kepulangan 
999 |a 042267   |b BUKU   |c PINJAMAN   |e PERPUSTAKAAN KOMUNITI PETALING JAYA 
999 |a 042269   |b BUKU   |c PINJAMAN   |e PERPUSTAKAAN KOMUNITI PETALING JAYA